[Event "Prague Golden op 18th"]
[Site "Prague"]
[Date "2023.06.25"]
[Round "1.1"]
[White "Beinhauer, Bernard"]
[Black "Cerny, Zbysek"]
[Result "1-0"]
[WhiteElo "1726"]
[BlackElo "1258"]
[PlyCount "101"]
[EventDate "2023.06.25"]
[EventType "team-swiss"]
[EventRounds "9"]
[EventCountry "CZE"]
[SourceTitle "CBM 214 Extra"]
[Source "ChessBase"]
[SourceDate "2023.07.31"]
[SourceVersion "1"]
[SourceVersionDate "2023.07.31"]
[SourceQuality "1"]
[WhiteTeam "Blbi a Pomali"]
[BlackTeam "CZ Brothers"]
[WhiteTeamCountry "CZE"]
[BlackTeamCountry "CZE"]

1. d4 d5 2. Nf3 e6 3. g3 c5 4. Bg2 Nf6 5. 0-0 Nc6 6. c4 Bd6 7. dxc5 Bxc5 8. a3 a5 9. cxd5 Nxd5 10. e4 Nf6 11. Qc2 0-0 12. Qxc5 Nxe4 13. Qc2 f5 14. Rd1 Qb6 15. Be3 Qc7 16. Nc3 Ne7 17. Rac1 Nxc3 18. Qxc3 Qxc3 19. bxc3 Nd5 20. Bd4 Bd7 21. c4 Nf6 22. Ne5 Ba4 23. Re1 Rad8 24. Bc5 Rfe8 25. Be3 h5 26. h4 Ng4 27. Nxg4 hxg4 28. Bxb7 Rd7 29. Ba6 Rc7 30. Bb5 Bxb5 31. cxb5 Rb7 32. a4 Rd8 33. Red1 Rdd7 34. Rxd7 Rxd7 35. b6 Kf7 36. Rc7 Rxc7 37. bxc7 Kf6 38. c8Q Kf7 39. Bg5 e5 40. Qxf5+ Kg8 41. Qg6 Kf8 42. Bf6 gxf6 43. Qxf6+ Kg8 44. Qe7 Kh8 45. Kf1 e4 46. Ke2 e3 47. Kxe3 Kg8 48. Kf4 Kh8 49. Kg5 Kg8 50. Kg6 Kh8 51. Qe8# 1-0